000 00214nam a2200097Ia 4500
008 220204s9999 xx 000 0 und d
082 _a82-3
_bKEE
100 _aKeegan, William
245 0 _aReal killing
942 _cBK
999 _c34013
_d34013